PROJECT QUALITY MANAGEMENT / (Record no. 588925)

000 -LEADER
fixed length control field 00306nam a22001337a 4500
020 ## - INTERNATIONAL STANDARD BOOK NUMBER
Qualifying information HB.
040 ## - CATALOGING SOURCE
Transcribing agency FIZZA ISHAQ
082 ## - DEWEY DECIMAL CLASSIFICATION NUMBER
Classification number 624.0684
Author Mark SUI
100 ## - MAIN ENTRY--PERSONAL NAME
Personal name PHENG,SUI.
9 (RLIN) 90714
245 ## - TITLE STATEMENT
Title PROJECT QUALITY MANAGEMENT /
Statement of responsibility, etc. SUI PHENG.
260 ## - PUBLICATION, DISTRIBUTION, ETC.
Place of publication, distribution, etc. SSBM ;
Date of publication, distribution, etc. 2014.
300 ## - PHYSICAL DESCRIPTION
Extent 186 P. ;
942 ## - ADDED ENTRY ELEMENTS (KOHA)
Source of classification or shelving scheme
Koha item type Book
Holdings
Withdrawn status Lost status Source of classification or shelving scheme Damaged status Not for loan Permanent Location Current Location Date acquired Total Checkouts Full call number Barcode Date last seen Price effective from Koha item type
          NUST Baluchistan Campus (NBC) NUST Baluchistan Campus (NBC) 03/28/2022   624.0684 SUI Q-3145 03/28/2022 03/28/2022 Book
© 2023 Central Library, National University of Sciences and Technology. All Rights Reserved.